000 00290nam a2200121Ia 4500
005 20251222143255.0
008 251222s9999||||xx |||||||||||||| ||spa||
082 _a891.744/S66C
100 _aSolzhenitsin, Alexander
245 0 _aLa Casa de Matriona
264 _bOveja Negra
942 _cLIB
999 _c15111
_d15111